[Event "Hastings Masters"]
[Site "Hastings"]
[Date "2007.01.02"]
[Round "6.11"]
[White "Jones, Gawain"]
[Black "Ashton, Adam"]
[Result "1/2-1/2"]
[WhiteElo "2430"]
[BlackElo "2304"]
[PlyCount "39"]
[EventDate "2006.12.28"]
[SourceDate "2006.12.28"]

1. d4 d5 2. Bf4 Nf6 3. e3 c5 4. dxc5 Qa5+ 5. Nc3 Qxc5 6. Bxb8 Rxb8 7. Bb5+ Bd7
8. Bxd7+ Kxd7 9. Nf3 Ke8 10. O-O e6 11. Qd3 Be7 12. a4 Kf8 13. Rad1 Rc8 14. Nd2
Qb4 15. Rb1 h5 16. Rfc1 h4 17. h3 Rh5 18. e4 dxe4 19. Ndxe4 Rd8 20. Qf1 1/2-1/2

[Event "Hastings Masters"]
[Site "Hastings"]
[Date "2007.01.02"]
[Round "6.12"]
[White "Tahirov, Farhad"]
[Black "Briscoe, Christopher"]
[Result "1/2-1/2"]
[WhiteElo "2545"]
[BlackElo "2121"]
[PlyCount "84"]
[EventDate "2006.12.28"]
[SourceDate "2006.12.28"]

1. d4 Nf6 2. Nf3 e6 3. e3 b6 4. Bd3 Bb7 5. O-O Be7 6. Nbd2 O-O 7. a4 c5 8. Qe2
Nc6 9. c3 Re8 10. Ne5 Qc7 11. f4 a6 12. g4 g6 13. h3 d6 14. Nef3 e5 15. dxe5
dxe5 16. f5 e4 17. Nxe4 Ne5 18. Nxf6+ Bxf6 19. Bc2 Nxf3+ 20. Rxf3 Bxf3 21. Qxf3
Qe5 22. e4 gxf5 23. gxf5 Kh8 24. Bf4 Rg8+ 25. Kh1 Qe8 26. Bb3 Bg5 27. Bd6 Qc6
28. Be5+ f6 29. Bxg8 Rxg8 30. Bh2 Re8 31. Re1 Bh4 32. Re2 Qxa4 33. Bg1 Qd1 34.
Qe3 Rd8 35. e5 Rd3 36. Qe4 Rxh3+ 37. Rh2 Rxh2+ 38. Kxh2 Bg3+ 39. Kh3 Qf1+ 40.
Kxg3 Qxg1+ 41. Kh3 Qf1+ 42. Kg3 Qg1+ 1/2-1/2

[Event "Hastings Masters"]
[Site "Hastings"]
[Date "2007.01.02"]
[Round "6.13"]
[White "Ciuksyte, Dagne"]
[Black "Fowler, Simon"]
[Result "1-0"]
[WhiteElo "2440"]
[BlackElo "2201"]
[PlyCount "91"]
[EventDate "2006.12.28"]
[SourceDate "2006.12.28"]

1. e4 e6 2. d4 d5 3. Nd2 Nc6 4. Bb5 a6 5. Bxc6+ bxc6 6. Ngf3 Nf6 7. e5 Nd7 8.
O-O Bb7 9. Nb3 a5 10. Be3 Qb8 11. Ng5 Be7 12. Qh5 Bxg5 13. Qxg5 O-O 14. Rfe1 a4
15. Nd2 Ba6 16. Rab1 Re8 17. Nf3 Qb4 18. Qh5 Qf8 19. Ng5 h6 20. Nf3 c5 21. Rbd1
Reb8 22. Bc1 cxd4 23. Qg4 Kh8 24. Rxd4 Nb6 25. Qh5 Re8 26. Rf4 Re7 27. Rf6 Nd7
28. Rxh6+ gxh6 29. Bxh6 Qg8 30. Bf8+ Qh7 31. Qxh7+ Kxh7 32. Bxe7 c5 33. h4 Bc4
34. Nd2 Ba6 35. f4 Rb8 36. b3 Rb4 37. g3 axb3 38. axb3 Kg6 39. Kf2 Bb7 40. Ra1
Rb5 41. g4 f5 42. g5 Kh5 43. Rg1 Kg6 44. h5+ Kf7 45. g6+ Kg8 46. h6 1-0

[Event "Hastings Masters"]
[Site "Hastings"]
[Date "2007.01.02"]
[Round "6.14"]
[White "Rudd, Jack"]
[Black "McNab, Colin"]
[Result "1/2-1/2"]
[WhiteElo "2310"]
[BlackElo "2433"]
[PlyCount "70"]
[EventDate "2006.12.28"]
[SourceDate "2006.12.28"]

1. d4 d6 2. c4 e5 3. Nc3 exd4 4. Qxd4 Nc6 5. Qd2 Nf6 6. b3 g6 7. Bb2 Bg7 8. e4
O-O 9. Bd3 a5 10. Nge2 Ne5 11. O-O Nxd3 12. Qxd3 Nd7 13. Rad1 Nc5 14. Qc2 f5
15. Nd4 fxe4 16. Nxe4 Nxe4 17. Qxe4 Qe8 18. Qh4 Qf7 19. Bc1 Bf6 20. Bg5 Bd7 21.
Rde1 a4 22. Nf3 axb3 23. axb3 Ra5 24. Qg3 Bc6 25. Bh6 Re8 26. Ng5 Rxe1 27. Rxe1
Qe7 28. f4 Ra1 29. Rxa1 Bxa1 30. h4 Bd4+ 31. Kh2 Qd7 32. Qe1 Bf6 33. g3 Bxg5
34. Bxg5 Qf5 35. Qe2 Qe4 1/2-1/2

[Event "Hastings Masters"]
[Site "Hastings"]
[Date "2007.01.02"]
[Round "6.15"]
[White "Schuurman, Petra"]
[Black "Rendle, Thomas"]
[Result "1/2-1/2"]
[WhiteElo "2238"]
[BlackElo "2382"]
[PlyCount "48"]
[EventDate "2006.12.28"]
[SourceDate "2006.12.28"]

1. d4 e6 2. c4 f5 3. Nf3 Nf6 4. g3 Be7 5. Bg2 O-O 6. O-O d6 7. Nc3 a5 8. b3 Ne4
9. Bb2 Nxc3 10. Bxc3 Qe8 11. e3 Nd7 12. Qc2 Qh5 13. Rae1 Nf6 14. Nd2 e5 15. Qb2
e4 16. f3 exf3 17. Bxf3 Ng4 18. Rf2 Bd7 19. Nf1 Qh6 20. Rfe2 Bc6 21. e4 Bg5 22.
d5 Bd7 23. Bxg4 fxg4 24. Bd2 Rf3 1/2-1/2

[Event "Hastings Masters"]
[Site "Hastings"]
[Date "2007.01.02"]
[Round "6.16"]
[White "Jackson, Oliver"]
[Black "Knott, Simon"]
[Result "0-1"]
[WhiteElo "2225"]
[BlackElo "2375"]
[PlyCount "70"]
[EventDate "2006.12.28"]
[SourceDate "2006.12.28"]

1. e4 e6 2. d4 d5 3. Nc3 Bb4 4. e5 c5 5. a3 Bxc3+ 6. bxc3 Ne7 7. Nf3 Nbc6 8. a4
Qa5 9. Bd2 Bd7 10. Bb5 a6 11. Bxc6 Bxc6 12. O-O O-O 13. Ng5 h6 14. Nh3 Qd8 15.
Nf4 Kh7 16. Nh5 Ng8 17. g4 f5 18. exf6 Nxf6 19. Nf4 Bd7 20. Nd3 c4 21. Ne5 Be8
22. Be3 Nd7 23. f4 Nxe5 24. dxe5 Bg6 25. Rb1 Be4 26. Rb6 Qe7 27. Qe1 Rac8 28.
Qg3 Rc6 29. Rfb1 Rxb6 30. Rxb6 Qa3 31. f5 Qa1+ 32. Kf2 Qxc3 33. Rxe6 Qxc2+ 34.
Kg1 Qb1+ 35. Kf2 Bxf5 0-1

[Event "Hastings Masters"]
[Site "Hastings"]
[Date "2007.01.02"]
[Round "6.17"]
[White "Graf, Felix"]
[Black "Peek, Marcel"]
[Result "0-1"]
[WhiteElo "2207"]
[BlackElo "2367"]
[PlyCount "84"]
[EventDate "2006.12.28"]
[SourceDate "2006.12.28"]

1. d4 f5 2. g3 Nf6 3. Bg2 g6 4. Nf3 Bg7 5. O-O O-O 6. b4 Nc6 7. a3 d6 8. Bb2 e5
9. dxe5 Ng4 10. Nbd2 Ncxe5 11. Nxe5 dxe5 12. e4 f4 13. h3 Nh6 14. Nf3 fxg3 15.
fxg3 Nf7 16. Qd5 c6 17. Qxd8 Rxd8 18. Rfd1 Be6 19. Bf1 Rac8 20. Rd3 Rxd3 21.
Bxd3 c5 22. Kg2 a6 23. c3 Bh6 24. Bc1 cxb4 25. Bxh6 Rxc3 26. Bxa6 Nxh6 27. Bxb7
Rxa3 28. Rb1 Ra2+ 29. Kg1 b3 30. Bd5 Bxd5 31. exd5 b2 32. Kf2 Nf7 33. Ke2 Kf8
34. Nd2 Nd6 35. Kd3 Ra3+ 36. Ke2 Rxg3 37. h4 Rh3 38. Rxb2 Rh2+ 39. Ke1 Rxh4 40.
Nf3 Rh1+ 41. Kf2 e4 42. Rb6 Ke7 0-1

[Event "Hastings Masters"]
[Site "Hastings"]
[Date "2007.01.02"]
[Round "6.18"]
[White "Vul, Arkadi"]
[Black "Narayanan, Srinath"]
[Result "1/2-1/2"]
[WhiteElo "2365"]
[BlackElo "2141"]
[PlyCount "81"]
[EventDate "2006.12.28"]
[SourceDate "2006.12.28"]

1. Nf3 Nf6 2. c4 c5 3. Nc3 Nc6 4. d4 cxd4 5. Nxd4 e6 6. Ndb5 d5 7. Bf4 d4 8.
Nc7+ Ke7 9. Nxa8 dxc3 10. Qxd8+ Kxd8 11. Bc7+ Ke8 12. O-O-O e5 13. g3 c2 14.
Kxc2 Bf5+ 15. Kc1 Bc5 16. Bg2 Ke7 17. Bxc6 bxc6 18. Bxe5 Rxa8 19. Bd4 Bb4 20.
f3 Be6 21. b3 g6 22. Kb2 Nd7 23. e4 a5 24. Bc3 Bxc3+ 25. Kxc3 h5 26. h4 Ne5 27.
f4 Nd7 28. Rhe1 f5 29. Re3 Nc5 30. exf5 gxf5 31. Rde1 Ne4+ 32. Rxe4 fxe4 33.
Rxe4 Kf6 34. Re5 Bf5 35. Rc5 Rg8 36. Rxc6+ Be6 37. Rc5 Rxg3+ 38. Kd4 Bf5 39.
Rc6+ Be6 40. Rc5 Bf5 41. Rc6+ 1/2-1/2

[Event "Hastings Masters"]
[Site "Hastings"]
[Date "2007.01.02"]
[Round "6.19"]
[White "Prosviriakov, Vladimir"]
[Black "Grant, Alan"]
[Result "1/2-1/2"]
[WhiteElo "2346"]
[BlackElo "2206"]
[PlyCount "46"]
[EventDate "2006.12.28"]
[SourceDate "2006.12.28"]

1. d4 Nf6 2. Nf3 e6 3. e3 c5 4. Bd3 b6 5. O-O Bb7 6. c4 g6 7. Nc3 Bg7 8. d5
exd5 9. cxd5 O-O 10. e4 d6 11. Bf4 a6 12. a4 Nh5 13. Bg5 Bf6 14. Qd2 Nd7 15.
Bh6 Re8 16. Rfe1 Ne5 17. Nxe5 Bxe5 18. Bg5 Bf6 19. Bxf6 Qxf6 20. g3 Qd4 21. Ne2
Qg7 22. Qc3 Nf6 23. f3 Nd7 1/2-1/2

[Event "Hastings Masters"]
[Site "Hastings"]
[Date "2007.01.02"]
[Round "6.20"]
[White "Muter, Donny"]
[Black "Eames, Robert"]
[Result "0-1"]
[WhiteElo "2146"]
[BlackElo "2311"]
[PlyCount "84"]
[EventDate "2006.12.28"]
[SourceDate "2006.12.28"]

1. d4 Nf6 2. Nf3 e6 3. c4 c5 4. e3 cxd4 5. Nxd4 a6 6. Be2 Qc7 7. O-O Bd6 8. h3
O-O 9. Nc3 Be7 10. e4 d6 11. Be3 b6 12. Rc1 Bb7 13. f3 Nbd7 14. Qe1 Rac8 15.
Qf2 Qb8 16. Rfd1 Rfe8 17. g4 g6 18. Nb3 Bd8 19. g5 Nh5 20. f4 Ng7 21. Rd2 Nc5
22. Bf3 Bc7 23. Nxc5 bxc5 24. Ne2 Ba5 25. Rd3 Bc6 26. b3 Bc7 27. Bd2 a5 28. h4
a4 29. h5 gxh5 30. Bc3 d5 31. exd5 exd5 32. cxd5 Bb5 33. Rdd1 Bxe2 34. Bxe2
Bxf4 35. Kh1 Nf5 36. Bd3 Ng3+ 37. Kg2 Ne4 38. Qf3 Bxc1 39. Bxe4 Qf4 40. d6 Rxe4
41. Qxf4 Bxf4 42. d7 Rd8 0-1

[Event "Hastings Masters"]
[Site "Hastings"]
[Date "2007.01.02"]
[Round "6.21"]
[White "Hagesaether, Arne"]
[Black "Furman, Boris"]
[Result "0-1"]
[WhiteElo "2178"]
[BlackElo "2263"]
[PlyCount "36"]
[EventDate "2006.12.28"]
[SourceDate "2006.12.28"]

1. e4 c5 2. Nf3 Nc6 3. d4 cxd4 4. Nxd4 Nf6 5. Nc3 d6 6. Bg5 Qb6 7. Bb5 Bd7 8.
Be3 Ng4 9. Qxg4 Bxg4 10. Nxc6 Qxc6 11. Bxc6+ bxc6 12. f3 Bd7 13. O-O-O g6 14.
Rd3 Bg7 15. Rhd1 O-O 16. Bd4 f6 17. Be3 Rfb8 18. Ne2 a5 {
remaining moves illegible} 0-1

[Event "Hastings Masters"]
[Site "Hastings"]
[Date "2007.01.02"]
[Round "6.22"]
[White "Grooten, Herman"]
[Black "Rice, Chris"]
[Result "1-0"]
[WhiteElo "2387"]
[BlackElo "2110"]
[PlyCount "59"]
[EventDate "2006.12.28"]
[SourceDate "2006.12.28"]

1. d4 Nf6 2. c4 g6 3. Nc3 Bg7 4. e4 d6 5. Nf3 O-O 6. h3 e5 7. d5 Na6 8. Bg5 h6
9. Be3 c5 10. g4 Ne8 11. Rg1 Nac7 12. a3 Bd7 13. Qc1 Kh7 14. Bd3 Rh8 15. b4 b6
16. Rb1 Qe7 17. Rb3 Kg8 18. h4 h5 19. g5 Kh7 20. Qb1 Rf8 21. Kd2 Bg4 22. Nh2
Bd7 23. Nf1 f6 24. Ng3 fxg5 25. hxg5 Rh8 26. Nf5 Qf7 27. Nh4 Bf8 28. Ne2 Ng7
29. f4 Bg4 30. f5 1-0

[Event "Hastings Masters"]
[Site "Hastings"]
[Date "2007.01.02"]
[Round "6.23"]
[White "Rayner, Francis"]
[Black "Armstrong, Malcolm"]
[Result "1/2-1/2"]
[WhiteElo "2247"]
[BlackElo "2101"]
[PlyCount "175"]
[EventDate "2006.12.28"]
[SourceDate "2006.12.28"]

1. e4 c6 2. d4 d5 3. f3 e6 4. Nc3 Nf6 5. e5 Nfd7 6. f4 c5 7. Nf3 Nc6 8. Be3
cxd4 9. Nxd4 Bc5 10. Qd2 Nxd4 11. Bxd4 Bxd4 12. Qxd4 Qb6 13. Qxb6 Nxb6 14. Bd3
Bd7 15. Ne2 f6 16. O-O Na4 17. b3 Nc5 18. Nd4 fxe5 19. fxe5 Ke7 20. Kf2 Nxd3+
21. cxd3 Rhf8+ 22. Ke3 Rxf1 23. Rxf1 Rc8 24. Kd2 Rc5 25. Rc1 b6 26. b4 Rxc1 27.
Kxc1 a6 28. Kd2 Be8 29. Ke3 Bd7 30. Ne2 Be8 31. Kd4 Bd7 32. Nc3 Kd8 33. a4 Kc7
34. a5 bxa5 35. bxa5 Kc6 36. h4 {(=)} h6 37. Na4 Kb5 38. Nb6 Be8 39. Na8 Kc6
40. Nb6 Kb5 41. Na8 Kxa5 42. Kc5 Bb5 43. d4 Be2 44. Nc7 Bg4 45. Kd6 Kb4 46.
Nxe6 Kc4 47. Nc7 Kxd4 48. Nxa6 Ke4 {(=)} 49. Nc5+ Kf4 50. Kxd5 g5 51. hxg5 hxg5
52. Ne4 Bc8 53. Kd4 Bf5 54. g3+ Kf3 55. Nxg5+ Kxg3 56. Kd5 Kg4 57. Nf7 Kh5 58.
Kd6 Kg6 59. Ke7 Kg7 60. Nd6 Bh3 61. Nf7 Bf1 62. Nd6 Bh3 63. Ne8+ Kg6 64. Nc7
Kf5 65. Kd6 Kg6 66. Ne6 Bg4 67. Nf8+ Kf7 68. Nd7 Bf5 69. Nf6 Bh3 70. Ne4 Kf8
71. Ng5 Bf5 72. Ne6+ Kf7 73. Nd4 Bg4 74. Nc6 Bh3 75. Nd8+ Kf8 76. Ne6+ Ke8 77.
Nf4 Bg4 78. Nd5 Bh3 79. Ne7 Kf7 80. Nc6 Kf8 81. Nd4 Ke8 82. Nf3 Bf5 83. Nh4 Bg4
84. Ng6 Bh3 85. Nf4 Bf5 86. Ne6 Bg4 87. Ng5 Bf5 88. e6 1/2-1/2

[Event "Hastings Masters"]
[Site "Hastings"]
[Date "2007.01.02"]
[Round "6.24"]
[White "Eggleston, David"]
[Black "Chevannes, Sabrina"]
[Result "1-0"]
[WhiteElo "2239"]
[BlackElo "2093"]
[PlyCount "87"]
[EventDate "2006.12.28"]
[SourceDate "2006.12.28"]

1. e4 c6 2. d4 d5 3. Nd2 dxe4 4. Nxe4 Nd7 5. Nf3 Ngf6 6. Nxf6+ Nxf6 7. c3 Bg4
8. h3 Bxf3 9. Qxf3 e6 10. Bc4 Be7 11. Bf4 O-O 12. O-O-O Nd5 13. Be5 b5 14. Bd3
Qa5 15. Kb1 Qb6 16. Ka1 Qa5 17. Bc2 Qd8 18. Qd3 g6 19. h4 Bf6 20. Bg3 h5 21. f3
c5 22. dxc5 Qa5 23. Bb3 Rfd8 24. Bd6 b4 25. Bxd5 exd5 26. cxb4 Qxb4 27. Rd2 d4
28. a3 Qa4 29. Qc2 Qxc2 30. Rxc2 Rac8 31. Rd2 Re8 32. Rc1 d3 33. Rxd3 Re2 34.
Rb3 Rxg2 35. c6 Re2 36. c7 Kg7 37. Rb8 Ree8 38. Rxc8 Rxc8 39. Rc4 a6 40. Rb4
Bd8 41. cxd8=Q Rxd8 42. Rb6 a5 43. Be5+ Kh7 44. Bc3 1-0

[Event "Hastings Masters"]
[Site "Hastings"]
[Date "2007.01.02"]
[Round "6.25"]
[White "Sugden, John"]
[Black "Kwiatkowski, Feliks"]
[Result "1/2-1/2"]
[WhiteElo "2158"]
[BlackElo "2226"]
[PlyCount "83"]
[EventDate "2006.12.28"]
[SourceDate "2006.12.28"]

1. Nf3 Nf6 2. d4 e6 3. c4 b6 4. g3 Ba6 5. b3 Bb4+ 6. Bd2 Be7 7. Nc3 O-O 8. Bg2
d5 9. cxd5 exd5 10. O-O c5 11. Bf4 Bb7 12. Rc1 Na6 13. Ne5 Nc7 14. dxc5 bxc5
15. Na4 Ne6 16. Be3 Rc8 17. Nd3 Qa5 18. Qd2 Qb5 19. Qc2 c4 20. Nf4 Nxf4 21.
Bxf4 Ba6 22. Nc3 Qc5 23. bxc4 Bxc4 24. Qd2 Rfd8 25. Bh3 Rc6 26. Rfd1 d4 27. Na4
Qb5 28. Nb2 Bb4 29. Qc2 Bd5 30. Qd3 Qxd3 31. Nxd3 Bc3 32. Bg2 Ra6 33. Bxd5 Nxd5
34. Rc2 Rb6 35. Kg2 f6 36. Bd2 Rdb8 37. Bxc3 Nxc3 38. Rdd2 Nb1 39. Rd1 Nc3 40.
Rdd2 Ne4 41. Rd1 Nc3 42. Rdd2 1/2-1/2

[Event "Hastings Masters"]
[Site "Hastings"]
[Date "2007.01.02"]
[Round "6.26"]
[White "Poobalasingam, Peter"]
[Black "Snape, Ian"]
[Result "1/2-1/2"]
[WhiteElo "2077"]
[BlackElo "2217"]
[PlyCount "54"]
[EventDate "2006.12.28"]
[SourceDate "2006.12.28"]

1. d4 c5 2. d5 d6 3. c4 g6 4. Bd2 Bg7 5. Bc3 Nf6 6. e4 O-O 7. Bd3 e5 8. dxe6
Bxe6 9. Nf3 Nc6 10. O-O Bg4 11. h3 Bxf3 12. Qxf3 Nd4 13. Bxd4 cxd4 14. Nd2 {(=)
} Qb6 15. b3 Rfe8 16. Rfe1 a5 17. Rab1 Qb4 18. Qd1 Nd7 19. Qc2 Nc5 20. Red1 Qc3
21. Nf3 Nxd3 22. Qxd3 Qxd3 23. Rxd3 Rxe4 24. Rbd1 a4 25. Nxd4 axb3 26. axb3
Bxd4 27. Rxd4 Rxd4 1/2-1/2

[Event "Hastings Masters"]
[Site "Hastings"]
[Date "2007.01.02"]
[Round "6.27"]
[White "Cafferty, Bernard"]
[Black "Lunn, Timothy"]
[Result "1-0"]
[WhiteElo "2207"]
[BlackElo "2079"]
[PlyCount "41"]
[EventDate "2006.12.28"]
[SourceDate "2006.12.28"]

1. c4 Nf6 2. Nf3 c6 3. g3 d5 4. Bg2 Bg4 5. Ne5 Be6 6. d4 dxc4 7. Na3 Nbd7 8.
Nexc4 Nb6 9. Ne5 Nfd7 10. Nd3 Nf6 11. Nf4 Bf5 12. O-O e6 13. f3 Be7 14. e4 Bg6
15. Be3 O-O 16. Qb3 Qc7 17. Rac1 Rac8 18. Rfd1 Rfe8 19. Nxg6 hxg6 20. Nb5 Qb8
21. Bf4 1-0

[Event "Hastings Masters"]
[Site "Hastings"]
[Date "2007.01.02"]
[Round "6.28"]
[White "Anderson, John"]
[Black "Foord, Dominic"]
[Result "1/2-1/2"]
[WhiteElo "2199"]
[BlackElo "1894"]
[PlyCount "105"]
[EventDate "2006.12.28"]
[SourceDate "2006.12.28"]

1. e4 e5 2. Nf3 Nc6 3. Bb5 a6 4. Bxc6 dxc6 5. Nc3 f6 6. d4 exd4 7. Nxd4 c5 8.
Nde2 Qxd1+ 9. Nxd1 Bd6 10. Bf4 Ne7 11. Ne3 Be6 12. f3 O-O-O 13. Kf2 Ng6 14. Bg3
h5 15. a3 h4 16. Bxd6 Rxd6 17. Rad1 Rhd8 18. Rxd6 Rxd6 19. g3 Rd8 20. Rd1 Rxd1
21. Nxd1 hxg3+ 22. hxg3 Ne5 {(=)} 23. Ne3 Kd7 24. Nf4 Bf7 25. Ke2 b6 26. Nf5 g5
27. Nd3 Nc6 28. c3 Bc4 29. f4 gxf4 30. gxf4 Ke6 31. Ke3 Na5 32. Ng3 Bb5 33. Ne2
Nc4+ 34. Kf3 Nd2+ 35. Ke3 Nf1+ 36. Kf2 Bxd3 37. Kxf1 Bxe4 38. Kf2 Kd5 39. Ke3
Bh7 40. Ng3 Kc4 41. Kd2 Kb3 42. Kc1 Bd3 43. f5 b5 44. Nh5 Bxf5 45. Nxf6 c4 46.
Nd5 c5 47. Nc7 Bc8 48. Kb1 b4 49. axb4 cxb4 50. cxb4 Kxb4 51. Nd5+ {(=)} Kb3
52. Ne3 Bh3 53. Nxc4 1/2-1/2

[Event "Hastings Masters"]
[Site "Hastings"]
[Date "2007.01.02"]
[Round "6.29"]
[White "Griffiths, Ryan Rhys"]
[Black "Mulligan, Stephen"]
[Result "1-0"]
[WhiteElo "2104"]
[BlackElo "2199"]
[PlyCount "37"]
[EventDate "2006.12.28"]
[SourceDate "2006.12.28"]

1. e4 e5 2. Nc3 Nc6 3. Nf3 Nf6 4. g3 Bc5 5. Bg2 O-O 6. O-O d6 7. d3 h6 8. Na4
Bb6 9. Nxb6 axb6 10. Nh4 Ne7 11. f4 Ng6 12. Nf3 exf4 13. gxf4 Nh5 14. f5 Ngf4
15. Ne1 Qh4 16. Be3 Bd7 17. Qf3 g5 18. Bf2 g4 19. Qxf4 1-0

[Event "Hastings Masters"]
[Site "Hastings"]
[Date "2007.01.02"]
[Round "6.30"]
[White "Calvert, D Ian"]
[Black "Groffen, Hans"]
[Result "1/2-1/2"]
[WhiteElo "2064"]
[BlackElo "2180"]
[PlyCount "99"]
[EventDate "2006.12.28"]
[SourceDate "2006.12.28"]

1. b3 d5 2. Bb2 Bg4 3. g3 e6 4. Bg2 Nf6 5. Nf3 Nbd7 6. c4 c6 7. O-O Bd6 8. d3
O-O 9. Nbd2 Re8 10. a3 a5 11. Qc2 e5 12. e3 Bh5 13. Nh4 Bg6 14. Nxg6 hxg6 15.
d4 e4 16. Bc3 Qe7 17. b4 axb4 18. axb4 g5 19. c5 Bc7 20. b5 g4 21. b6 Rxa1 22.
Rxa1 Bb8 23. h3 Qe6 24. h4 g5 25. hxg5 Nh7 26. Kf1 Nxg5 27. Ke2 Qf5 28. Rh1 Nh3
29. Bxh3 gxh3 30. Ke1 Qe6 31. Qd1 Nf6 32. Nf1 Kg7 33. Nh2 Rh8 34. Qe2 Rh6 35.
Kd1 Rg6 36. Be1 Nh7 37. Qh5 Nf6 38. Qe2 Qf5 39. Kd2 Nh7 40. g4 Qe6 41. f4 exf3
42. Nxf3 Qxg4 43. Nh4 Qxe2+ 44. Kxe2 Rf6 45. Rxh3 Ng5 46. Rh1 Ne4 47. Rf1 Rxf1
48. Kxf1 Kf6 49. Ke2 Kg5 50. Nf3+ 1/2-1/2

[Event "Hastings Masters"]
[Site "Hastings"]
[Date "2007.01.02"]
[Round "6.31"]
[White "Wilson, Alexandra"]
[Black "Dickson, George"]
[Result "0-1"]
[WhiteElo "2056"]
[BlackElo "2171"]
[PlyCount "28"]
[EventDate "2006.12.28"]
[SourceDate "2006.12.28"]

1. e4 e5 2. Nf3 Nc6 3. Bb5 a6 4. Ba4 Nf6 5. O-O b5 6. Bb3 Bc5 7. c3 O-O 8. a4
Rb8 9. Re1 Ng4 10. d4 exd4 11. cxd4 Nxd4 12. Nxd4 Qh4 13. Nf3 Qxf2+ 14. Kh1
Qg1+ 0-1

[Event "Hastings Masters"]
[Site "Hastings"]
[Date "2007.01.02"]
[Round "6.32"]
[White "Gibson, Christopher"]
[Black "Vrban, Damir"]
[Result "1/2-1/2"]
[WhiteElo "2056"]
[BlackElo "2130"]
[PlyCount "61"]
[EventDate "2006.12.28"]
[SourceDate "2006.12.28"]

1. d4 Nf6 2. c4 c5 3. d5 d6 4. Nc3 g6 5. e4 Bg7 6. f3 O-O 7. Be3 a6 8. Qd2 Qa5
9. Be2 Nbd7 10. Nh3 Ne5 11. Nf2 Bd7 12. Rc1 b5 13. b3 bxc4 14. Bxc4 Bb5 15. Nb1
Qxd2+ 16. Nxd2 Nxc4 17. Nxc4 a5 18. Nd3 Nd7 19. Kd2 a4 20. Rc2 axb3 21. axb3
Rfb8 22. Rb1 Bxc4 23. Rxc4 Nb6 24. Rc2 Ra3 25. Nc1 e6 26. dxe6 fxe6 27. Ke2 Na4
28. Kd2 Nb6 29. Ke2 Na4 30. Kd2 Nb6 31. Ke2 1/2-1/2

[Event "Hastings Masters"]
[Site "Hastings"]
[Date "2007.01.02"]
[Round "6.33"]
[White "Fraser, Joe"]
[Black "Almond, Richard"]
[Result "1/2-1/2"]
[WhiteElo "1983"]
[BlackElo "2124"]
[PlyCount "47"]
[EventDate "2006.12.28"]
[SourceDate "2006.12.28"]

1. e4 d5 2. exd5 Qxd5 3. Nc3 Qa5 4. d4 c6 5. Nf3 Nf6 6. Bc4 Bf5 7. Ne5 e6 8. g4
Bg6 9. h4 Nbd7 10. Nxd7 Nxd7 11. h5 Be4 12. Rh3 Bd5 13. Bd3 c5 14. dxc5 Bc6 15.
Bd2 Nxc5 16. Bc4 Qc7 17. Qe2 O-O-O 18. O-O-O Be7 19. f4 Bf6 20. Rf1 Qd7 21. Rh2
Na4 22. Nxa4 Bxa4 23. g5 Bd4 24. Be3 1/2-1/2

[Event "Hastings Masters"]
[Site "Hastings"]
[Date "2007.01.02"]
[Round "6.35"]
[White "Donovan, Nigel"]
[Black "Kenyon, Scott"]
[Result "1-0"]
[WhiteElo "2119"]
[BlackElo "1759"]
[PlyCount "87"]
[EventDate "2006.12.28"]
[SourceDate "2006.12.28"]

1. e4 c5 2. Nf3 g6 3. d4 Bg7 4. dxc5 Qa5+ 5. Nc3 Bxc3+ 6. bxc3 Qxc3+ 7. Bd2
Qxc5 8. Bd3 Nf6 9. O-O d6 10. Rb1 a6 11. Bh6 Nbd7 12. Qd2 Qh5 {(=)} 13. h3 Nc5
14. Bg7 Bxh3 15. gxh3 Qxf3 16. Bxh8 Nfxe4 17. Bxe4 Nxe4 18. Qd3 Qxd3 19. cxd3
Nd2 20. Rxb7 Nxf1 21. Bc3 Rc8 22. Rb3 Nd2 23. Bxd2 Rc2 24. Rb8+ Kd7 25. Bg5 f6
26. Be3 Rxa2 27. Rh8 g5 28. Rxh7 Ra3 29. d4 a5 30. Kf1 Rb3 31. Rh8 a4 32. Ra8
a3 33. Ke2 Rb2+ 34. Kd3 Ra2 35. Kc3 Ra1 36. Kb3 Kc6 37. Ra7 e5 38. dxe5 dxe5
39. Ra6+ Kd5 40. Rxf6 a2 {(=)} 41. Rh6 Ke4 42. Kb2 Rh1 43. Kxa2 g4 44. hxg4 1-0

[Event "Hastings Masters"]
[Site "Hastings"]
[Date "2007.01.02"]
[Round "6.36"]
[White "Rety, John"]
[Black "Kulago, Alexander"]
[Result "0-1"]
[WhiteElo "1965"]
[BlackElo "2114"]
[PlyCount "118"]
[EventDate "2006.12.28"]
[SourceDate "2006.12.28"]

1. e4 e5 2. Nf3 Nc6 3. Bb5 g6 4. O-O Bg7 5. c3 Nge7 6. d4 exd4 7. cxd4 d5 8.
exd5 Nxd5 9. Re1+ Be6 10. Bg5 Qd6 11. Qc1 O-O 12. Bxc6 bxc6 13. Bh6 Rab8 14.
Bxg7 Kxg7 15. Nc3 Qb4 16. Ne4 Qxb2 17. Qxc6 Rb6 18. Qc1 Rfb8 19. h3 Bf5 20. Nc5
Nc3 21. Qe3 Nb1 22. Qe5+ Kg8 23. Raxb1 Bxb1 24. Nd7 Re6 25. Qf4 Rxe1+ 26. Nxe1
Rc8 27. Nf3 Bf5 28. Nf6+ Kf8 29. Nxh7+ Kg7 30. Nhg5 Re8 31. g4 Be6 32. Qe5+ Kg8
33. Ne4 Rd8 34. Nf6+ Kf8 35. Qxc7 Qb6 36. Qf4 Kg7 37. Ne4 Bd5 38. Qe5+ Kf8 39.
Qh8+ Ke7 40. Qe5+ Qe6 41. Qc7+ Rd7 42. Qc5+ Ke8 43. Qc8+ Rd8 44. Qxe6+ fxe6 45.
Nf6+ Ke7 46. Nxd5+ Rxd5 47. h4 Ra5 48. g5 Rxa2 49. Ne5 a5 50. Nxg6+ Kf7 51.
Ne5+ Kg7 52. h5 a4 53. h6+ Kh7 54. Nd7 Re2 55. Nf6+ Kg6 56. h7 Kg7 57. g6 Rb2
58. Ne8+ Kh8 59. Nd6 Rb8 0-1

[Event "Hastings Masters"]
[Site "Hastings"]
[Date "2007.01.02"]
[Round "6.37"]
[White "O'Toole, George"]
[Black "Humphreys, Jerry"]
[Result "0-1"]
[WhiteElo "1935"]
[BlackElo "2106"]
[PlyCount "50"]
[EventDate "2006.12.28"]
[SourceDate "2006.12.28"]

1. e4 c5 2. c3 Nf6 3. e5 Nd5 4. d4 cxd4 5. cxd4 e6 6. Nc3 Nxc3 7. bxc3 d6 8.
Nf3 Qc7 9. Bb2 b6 10. Bd3 Bb7 11. O-O Nd7 12. exd6 Bxd6 13. c4 O-O 14. Re1 Rfe8
15. h3 Nf8 16. Ng5 e5 17. Ne4 Bb4 18. Re3 f5 19. Nf6+ gxf6 20. Rg3+ Kh8 21.
Bxf5 Qf7 22. Bc1 exd4 23. Qxd4 Rad8 24. Qg4 Re1+ 25. Kh2 Rdd1 0-1

[Event "Hastings Masters"]
[Site "Hastings"]
[Date "2007.01.02"]
[Round "6.38"]
[White "Cohen, Ronnie"]
[Black "Hutchinson, Norman"]
[Result "1-0"]
[WhiteElo "1841"]
[BlackElo "2097"]
[PlyCount "79"]
[EventDate "2006.12.28"]
[SourceDate "2006.12.28"]

1. e4 c6 2. d4 d5 3. Nc3 dxe4 4. Nxe4 Bf5 5. Ng3 Bg6 6. Bc4 e6 7. N1e2 Bd6 8.
O-O Qc7 9. f4 Ne7 10. Bd3 Nd7 11. c4 c5 12. d5 Bxd3 13. Qxd3 exd5 14. cxd5 c4
15. Qf3 Nf6 16. Nc3 O-O 17. Kh1 Bb4 18. Nge2 Rfd8 19. Rd1 Rd7 20. g4 Rad8 21.
d6 Rxd6 22. Rxd6 Bxd6 23. Be3 a6 24. Kg2 b5 25. a3 Bc5 26. Bxc5 Qxc5 27. Rd1
Rxd1 28. Nxd1 Nfd5 29. Qe4 g6 30. Kf3 Qc6 31. Nd4 Qd7 32. h3 Kf8 33. Nf2 Qd6
34. Ne2 Ke8 35. Qd4 Qb6 36. Qe4 Kd7 37. Nd4 Qd6 38. g5 Nc6 39. Ng4 Qe7 40.
Qxd5+ 1-0

[Event "Hastings Masters"]
[Site "Hastings"]
[Date "2007.01.02"]
[Round "6.39"]
[White "Norinkeviciute, Rasa"]
[Black "Webster, Richard J"]
[Result "0-1"]
[WhiteElo "2094"]
[BlackElo "1983"]
[PlyCount "76"]
[EventDate "2006.12.28"]
[SourceDate "2006.12.28"]

1. f4 d5 2. Nf3 g6 3. e3 Bg7 4. Be2 Nh6 5. d3 Nc6 6. c3 e5 7. Qc2 exf4 8. exf4
d4 9. O-O O-O 10. Kh1 Nf5 11. Ng5 dxc3 12. bxc3 Nb4 13. Qb3 a5 14. Nd2 h6 15.
Nge4 Be6 16. Qb1 Nd5 17. d4 b6 18. Nf3 Nd6 19. Ne5 Nxe4 20. Qxe4 Nxc3 21. Qc2
Nxe2 22. Qxe2 Re8 23. Qf2 Qd5 24. Be3 b5 25. Rfc1 Qb7 26. Rc2 Bf5 27. Rb2 Qa6
28. Rc1 Rac8 29. Rc6 Qb7 30. Rc5 c6 31. h3 Bf8 32. Rc3 Be4 33. Kh2 Qe7 34. Re2
Qd6 35. Qg3 Bd5 36. f5 Kh7 37. Nxf7 Qxg3+ 38. Kxg3 Bxf7 0-1